Cuba /

Bibliographic Details
Main Author: Wright, Irene Aloha, 1879-1972
Format: Book
Language:English
Published: New York : The Macmillan company, 1912.
Subjects:

MARC

Tag First Indicator Second Indicator Subfields
LEADER 00000cam a2200000 4500
001 in00000719621
005 20151016062303.0
008 800721s1912 nyuabf 00010 eng d
035 |a (OCoLC)06536813 
035 |9 ADD4431AM 
040 |a TXA  |c TXA  |d UtOrBLW 
049 |a TXAM  |c [6337] 
050 0 |a F1765  |b .W93 
092 |a 917.291  |b W949c 
100 1 |a Wright, Irene Aloha,  |d 1879-1972. 
245 1 0 |a Cuba /  |c by Irene A. Wright ... 
264 1 |a New York :  |b The Macmillan company,  |c 1912. 
300 |a xiv, 512 pages :  |b frontispiece, illustrations (map) plates. ;  |c 20 cm. 
336 |a text  |b txt  |2 rdacontent 
337 |a unmediated  |b n  |2 rdamedia 
338 |a volume  |b nc  |2 rdacarrier 
651 0 |a Cuba  |x Description and travel. 
999 |a MARS 
999 f f |s 36747697-fc2c-32d5-8053-55d156f3b6b8  |i 7520199d-6550-39f0-8038-b15f07e8784c  |t 0 
952 f f |p ric  |a Texas A&M University  |b Rellis Campus  |c Joint Library Facility  |d Remote Storage  |t 0  |e F1765 .W93  |h Library of Congress classification  |i unmediated -- volume  |m A14801429589 
998 f f |a F1765 .W93  |t 0  |l Remote Storage